Random Country Flags #2 - Statistics

General Stats
  • This quiz has been taken 88 times
  • The average score is 17 of 20
Answer Stats
Picture Answer % Correct
United Kingdom
100%
Greece
99%
Japan
99%
Switzerland
96%
Jamaica
95%
Sweden
94%
Egypt
91%
Albania
90%
Chile
90%
Cuba
90%
Cyprus
88%
Iraq
87%
Morocco
87%
Peru
82%
Bulgaria
81%
Fiji
79%
Kazakhstan
79%
Liechtenstein
74%
Kiribati
67%
Bolivia
62%
No matching quizzes found
Score Distribution
Percent of People with Each Score
Percentile by Number Answered
Your Score History
You have not taken this quiz